00414nam a2200133 a 450000100100000000500170001000800410002704000250006808200150009310000310010824500660013926000450020530000300025000002815920200930031411.0110407s1988 dr c 000 0 spa d aDO-SdBNPbspacBNPHU axxxbA742c1 aArnáiz, Francisco José10aCardenal Octavio A. Beras Rojas /cFrancisco José Arnáiz. aSanto Domingo :bAmigo del Hogar,c1988. a27 p. :bretrs. ;c24 cm.